00539 2200241 4500001002100000005001500021035002000036007000300056008004100059082000800100084001400108100001500122245002200137250001500159260002800174300002100202600002200223856000800245990001100253990001100264990001100275990001100286INLIS00000000000031920260310015510 a0010-0326000081ta260310 0  a200 a200 AL- k0 aAL-GHAZALI1 aKIMIA KEBAHAGIAAN aKEDUABELAS aBANDUNG :bNIZAM,c1995 a123 hlm ;c18 cm 4aKIMIA KEBAHAGIAAN a200 a35.984 a35.985 a35.986 a35.987